书目信息 |
| 题名: |
中国建筑职业安全健康理论与实践
|
|
| 作者: | 尚春明 , 方东平 主编 | |
| 分册: | ||
| 出版信息: | 北京 中国建筑工业出版社 2007.03 |
|
| 页数: | 437页 | |
| 开本: | 21cm | |
| 丛书名: | ||
| 单 册: | ||
| 中图分类: | TU714 | |
| 科图分类: | ||
| 主题词: | 建筑工业--jian zhu gong ye--工业企业--劳动保护--研究--中国 | |
| 电子资源: | ||
| ISBN: | 978-7-112-09130-0 | |
| 000 | 00917nam0 2200241 450 | |
| 001 | 012007038674 | |
| 005 | 20071010153406.21 | |
| 010 | @a978-7-112-09130-0@dCNY29.00 | |
| 100 | @a20070731d2007 km y0chiy0120 ea | |
| 101 | 0 | @achi |
| 102 | @aCN@b110000 | |
| 105 | @ak a 000yy | |
| 200 | 1 | @a中国建筑职业安全健康理论与实践@Azhong guo jian zhu zhi ye an quan jian kang li lun yu shi jian@f尚春明, 方东平主编@Fshang chun ming,fang dong ping zhu bian |
| 210 | @a北京@c中国建筑工业出版社@d2007.03 | |
| 215 | @a437页@d21cm | |
| 320 | @a有书目 (第423-437页)。 | |
| 330 | @a本书共包括4章,分别是第1章绪论;第2章中国建筑职业安全与健康的现状;第3章发达国家建筑职业安全健康和发展战略。 | |
| 606 | 0 | @a建筑工业@Ajian zhu gong ye@x工业企业@x劳动保护@x研究@y中国 |
| 690 | @aTU714@v4 | |
| 701 | 0 | @a尚春明@Ashang chun ming@4主编 |
| 701 | 0 | @a方东平@Afang dong ping@4主编 |
| 801 | 0 | @aCN@c20071010 |
| 905 | @dTU714@eS311 | |
| 中国建筑职业安全健康理论与实践/尚春明, 方东平主编.-北京:中国建筑工业出版社,2007.03 |
| 437页;21cm |
| ISBN 978-7-112-09130-0:CNY29.00 |
| 本书共包括4章,分别是第1章绪论;第2章中国建筑职业安全与健康的现状;第3章发达国家建筑职业安全健康和发展战略。 |
| ● |
| 相关链接 |
|
|
|
正题名:中国建筑职业安全健康理论与实践
索取号:TU714/S311
 
预约/预借
| 序号 | 登录号 | 条形码 | 馆藏地/架位号 | 状态 | 备注 |
| 1 | 252642 | 202526427 | 建筑库201/201建筑库 26排1列2层/ [索取号:TU714/S311] | 在馆 | |
| 2 | 252643 | 202526436 | 建筑库201/201建筑库 26排1列2层/ [索取号:TU714/S311] | 在馆 | |
| 3 | 252644 | 202526445 | 建筑库201/201建筑库 26排1列2层/ [索取号:TU714/S311] | 在馆 |